| 000 | 00783nam a22001937a 4500 | ||
|---|---|---|---|
| 999 |
_c429 _d429 |
||
| 003 | AR-CdUCM | ||
| 008 | 190223b ||||| |||| 00| 0 spa d | ||
| 040 |
_aMUNICIPALIDAD PROVINCIAL DEL CUSCO _cBIBLIOTECA MUNICIPAL DEL CUSCO |
||
| 082 |
_a869.56 / _bL35 |
||
| 100 |
_aLecca, Dante _91689 |
||
| 245 |
_aEl cedro de cemento : _by otros poemas / _cDante Lecca |
||
| 260 |
_aLima : _bTarea, Asociación de Publicaciones Educativas, _c1981. |
||
| 300 |
_a80 paginas ; _c20 cm. |
||
| 505 | _aVersos de amor y muerte (1975-1979) -- El cedro de cemento (1976-1977) -- Barrantes y su ramo de flores -- Conflagración y humo siderúrgico (1977-1979) -- Valle de chimeneas ... | ||
| 650 |
_aPoesías peruanas _91481 |
||
| 650 |
_aSiglo XX. _98 |
||
| 942 |
_2ddc _cLIBROS |
||
| 945 |
_aacv _d2019-02-23 |
||